01435nam a22001577a 4500003000900000005001700009008004100026040001300067100002600080245011800106250001100224260003300235300001800268490004300286520094800329IT-RoPau20220918181102.0130325b xxu||||| |||| 00| 0 eng d cIT-RoPau aVII Capitolo Generale a"Vuestra parroquia es el mundo", Actas y DocumentosbActas del VII Capítulo General de la Sociedad de San Pablo a1° ed aRomabSSP Casa Generalc1998 a63 pp.c21 cm aSociedad de San Pablov2° Fascículo aIndice Presentación, del P. Pietro Campus, Superior General Introducción Participantes y colaboradores Calendario VII Capítulo Gen. SSP 15 abril-15 mayo 1998 Saludo inicial del Delegado Pontificio y del Superior General a. Saludo S. Exc Mons. Antonio Buoncristiani b. Saludo dl P. Silvio Pignotti, Superior General Esquema del proceso seguido Syntesis a propósito del Projecto de Dios a nuestro respecto Syntesis acerca de la Realidad congregacional hoy Esquema de las cuatro áreas de trabajo Documentos normativos: Prioridades, líneas operativas y recomendaciones Otras deliberaciones del VII Capítulo General Mensaje del nuevo Superior General Mensaje de los Capítulares a los Hermanos/Hermanas de la Familia Paulina Saludo conclusivo del Delegado mons. Antonio Buoncristiani Audiencia especial con el Santo Padre: a. Saludo del nuevo Superior General b. Mensaje del Santo Padre Juan Pablo II a los Capitulares Paulinos